Apley and Solomon's concise system of orthopaedics and trauma / (Record no. 5063)
[ view plain ]
| 000 -LEADER | |
|---|---|
| fixed length control field | 01578nam a2200433 i 4500 |
| 003 - CONTROL NUMBER IDENTIFIER | |
| control field | OCoLC |
| 005 - DATE AND TIME OF LATEST TRANSACTION | |
| control field | 20220403205634.0 |
| 008 - FIXED-LENGTH DATA ELEMENTS--GENERAL INFORMATION | |
| fixed length control field | 140204s2014 flu b 001 0 eng |
| 020 ## - INTERNATIONAL STANDARD BOOK NUMBER | |
| International Standard Book Number | 9781444174311 (pbk. : alk. paper) |
| 020 ## - INTERNATIONAL STANDARD BOOK NUMBER | |
| International Standard Book Number | 1444174312 (pbk. : alk. paper) |
| 040 ## - CATALOGING SOURCE | |
| Transcribing agency | DLC |
| 042 ## - AUTHENTICATION CODE | |
| Authentication code | pcc |
| 049 ## - LOCAL HOLDINGS (OCLC) | |
| Holding library | UOHA |
| 050 04 - LIBRARY OF CONGRESS CALL NUMBER | |
| Classification number | RD731 |
| Item number | .A64 2014 |
| 060 10 - NATIONAL LIBRARY OF MEDICINE CALL NUMBER | |
| Classification number | WE 168 |
| 060 #4 - NATIONAL LIBRARY OF MEDICINE CALL NUMBER | |
| Classification number | WE 168 |
| Item number | S689a 2014 |
| 090 ## - LOCALLY ASSIGNED LC-TYPE CALL NUMBER (OCLC); LOCAL CALL NUMBER (RLIN) | |
| Classification number (OCLC) (R) ; Classification number, CALL (RLIN) (NR) | RD731 .A6423 2014 |
| 100 1# - MAIN ENTRY--PERSONAL NAME | |
| Personal name | Solomon, Louis, |
| 245 10 - TITLE STATEMENT | |
| Title | Apley and Solomon's concise system of orthopaedics and trauma / |
| Statement of responsibility, etc. | Louis Solomon, David Warwick, Selvadurai Nayagam. |
| 250 ## - EDITION STATEMENT | |
| Edition statement | Fourth edition. |
| 264 #1 - PRODUCTION, PUBLICATION, DISTRIBUTION, MANUFACTURE, AND COPYRIGHT NOTICE | |
| Place of production, publication, distribution, manufacture | Boca Raton, FL : |
| Name of producer, publisher, distributor, manufacturer | CRC Press/Taylor & Francis Group, |
| Date of production, publication, distribution, manufacture, or copyright notice | 2014. |
| 300 ## - PHYSICAL DESCRIPTION | |
| Extent | xii, 486 pages ; |
| Dimensions | 25 cm. |
| 336 ## - CONTENT TYPE | |
| Content type term | text |
| Content type code | txt |
| Source | rdacontent. |
| 337 ## - MEDIA TYPE | |
| Media type term | unmediated |
| Media type code | n |
| Source | rdamedia. |
| 338 ## - CARRIER TYPE | |
| Carrier type term | volume |
| Carrier type code | nc |
| Source | rdacarrier. |
| 500 ## - GENERAL NOTE | |
| General note | Based on (work): Apley's system of orthopaedics and fractures / Louis Solomon, David Warwick, Selvadurai Nayagam. |
| 504 ## - BIBLIOGRAPHY, ETC. NOTE | |
| Bibliography, etc. note | Includes bibliographical references and index. |
| 650 #0 - SUBJECT ADDED ENTRY--TOPICAL TERM | |
| Topical term or geographic name entry element | Orthopedics. |
| 650 #0 - SUBJECT ADDED ENTRY--TOPICAL TERM | |
| Topical term or geographic name entry element | Fracture fixation. |
| 650 12 - SUBJECT ADDED ENTRY--TOPICAL TERM | |
| Topical term or geographic name entry element | Orthopedics |
| General subdivision | methods. |
| 650 22 - SUBJECT ADDED ENTRY--TOPICAL TERM | |
| Topical term or geographic name entry element | Fracture Fixation |
| General subdivision | methods. |
| 700 1# - ADDED ENTRY--PERSONAL NAME | |
| Personal name | Warwick, David, |
| Dates associated with a name | 1962- |
| Relator term | author. |
| 700 1# - ADDED ENTRY--PERSONAL NAME | |
| Personal name | Nayagam, Selvadurai, |
| Relator term | author. |
| 700 1# - ADDED ENTRY--PERSONAL NAME | |
| Relationship information | Digest of (work): |
| Personal name | Solomon, Louis. |
| Title of a work | Apley's system of orthopaedics and fractures. |
| 856 ## - ELECTRONIC LOCATION AND ACCESS | |
| Uniform Resource Identifier | http://172.30.46.200/cgi-bin/koha/opac-retrieve-file.pl?id=b35d7b236b96df3a1ef156e345c93fee |
| 907 ## - LOCAL DATA ELEMENT G, LDG (RLIN) | |
| a | .b36331430 |
| 942 ## - ADDED ENTRY ELEMENTS (KOHA) | |
| Source of classification or shelving scheme | |
| Koha item type | e-book |
| Withdrawn status | Lost status | Source of classification or shelving scheme | Damaged status | Not for loan | Permanent Location | Current Location | Shelving location | Date acquired | Total Checkouts | Full call number | Date last seen | Price effective from | Koha item type | Public note |
|---|---|---|---|---|---|---|---|---|---|---|---|---|---|---|
| AU LIBRARY | AU LIBRARY | Virtual Library | 03.04.2022 | RD731 .A64 2014 | 03.04.2022 | 03.04.2022 | e-book | MW |